| 000 | 00704nam a2200253 u 4500 | ||
|---|---|---|---|
| 001 | 1325 | ||
| 003 | CO-MdUADB | ||
| 005 | 20260428103505.0 | ||
| 008 | 950404s1991 spa | ||
| 035 | _a1325 | ||
| 035 | _a(OCoLC)777973634 | ||
| 040 | _ccomduadb | ||
| 041 | _aspa | ||
| 082 | 4 | _a398 | |
| 100 | 1 | 0 |
_aDuque Restrepo, José Ignacio _4aut _eaut _9390606 |
| 245 | 1 | 0 | _aMitos, leyendas y supersticiones de la raza Antioquena |
| 250 | _a4.ed. | ||
| 260 |
_aMedellín, _c1991. |
||
| 300 | _a189 páginas | ||
| 650 | 7 |
_aLeyendas _zAntioquia (Colombia) _2lemb _937300 |
|
| 650 |
_aLiteratura folclórica - Antioquia _94771 |
||
| 650 |
_aMitología antioqueña _960752 |
||
| 942 |
_cBOOK _2ddc |
||
| 999 |
_c964 _d964 |
||